Najdłuższe rzeki Polski - Statystyki

Ogólne statystyki
  • Ten quiz został rozwiązany 40 razy
  • Średni wynik to 7 z 9
Statystyki odpowiedzi
Hint Odpowiedź % Poprawnych
742km Odra
100%
1047km Wisła
100%
808km Warta
97%
587km Bug
94%
448km Narew
82%
443km San
73%
388km Noteć
64%
303km Wieprz
64%
319km Pilica
52%
Nie znaleziono quizów pasujących do podanych kryteriów
Rozkład punktacji
Procent ludzi z każdym wynikiem
Percentyl według liczby udzielonych odpowiedzi
Twoja historia wyników
Nie rozwiązałeś tego quizu